| 000 | 00384nam a2200145Ia 4500 | ||
|---|---|---|---|
| 008 | 240624s9999 xx 000 0 und d | ||
| 041 | _aeng | ||
| 082 | _a336.24 SIN | ||
| 100 | _aSINGHANIA VINOD K | ||
| 245 | _aSTUDENTS GUIDE TO INCOME TAX INCLUDING SERVICE TAX VAT | ||
| 250 | _a(57th ed.) | ||
| 260 |
_c2017 _aNew Delhi _bTaxmann |
||
| 300 | _axix, 947 p.; 26 cm. | ||
| 365 | _cRS | ||
| 999 |
_c29441 _d29441 |
||